00905nam a22002417a 45000010005000000030006000050050017000110080041000280200018000690400029000870500015001160820010001311000028001412450140001692600056003093000048003655050007004135200143004205210019005635210018005826500030006007000033006308734FISKH20251017120836.0251016b cb ||||| |||| 00| 0 eng d a9780824985981 aFISKHbengcFISKHdFISKH aHG221 .B47 a332.4 aBerger, MelvineAuthor  aRound and round the money goes : bWhat money is and how we use we use it /cBy Melvin and Gilda Berger ; Illustrated by Jane McCreary  aNahville : bIdeals publishing corporation , c1993 a48 pages : bcolor illustrations ; c22 cm  aL  aDiscusses how the practice of using coins and paper money evolved and explains the circle money travels as it is earned, saved, and spent.8 a540 bLexile 8 aL bRaz-Plus  aEconomics for kidsvMoney aMcCreary, JaneeIllustrator